[Event "SWZ-ITA"]
[Site "?"]
[Date "1994.??.??"]
[Round "?"]
[White "Almada, Enrique"]
[Black "Belotti, Bruno"]
[Result "1-0"]
[WhiteElo "2285"]
[BlackElo "2455"]

1.d4 Nf6 2.Nf3 b6 3.c4 e6 4.g3 Ba6 5.Nbd2 Bb4 6.Qb3 c5 7.a3 Bxd2+ 8.Bxd2 cxd4
9.Nxd4 Bb7 10.Nf3 Na6 11.Bg2 Rc8 12.O-O O-O 13.Rfd1 d5 14.cxd5 Nc5 15.Qe3 Nxd5
16.Qe5 f6 17.Qh5 Nb3 18.Bb4 Qe8 19.Qxe8 Rfxe8 20.Ra2 Nc1 21.Ra1 Nb3 22.Ra2 Red8
23.Re1 Rc2 24.e4 Nc7 25.a4 a5 26.Ra3 Nc1 27.Rc3 Ne2+ 28.Rxe2 Rxe2 29.Bf1 Rxb2
30.Rxc7 Bxe4 31.Bc3 Rc2 32.Ne1 Rc1 33.f3 Bd5 34.Kf2 h5 35.h4  1-0

[Event "SWZ-chT"]
[Site "SWZ"]
[Date "1994.??.??"]
[Round "4"]
[White "Orlowski, Juergen"]
[Black "Huebner, Robert"]
[Result "0-1"]
[WhiteElo "2260"]
[BlackElo "2605"]

1.d4 Nf6 2.Nf3 b6 3.c4 e6 4.g3 Ba6 5.Qa4 Bb7 6.Bg2 c5 7.dxc5 bxc5 8.O-O Be7
9.Nc3 O-O 10.Rd1 Qb6 11.Qc2 Nc6 12.e4 d6 13.b3 Rfd8 14.Bb2 Ng4 15.Qe2 Nge5
16.Na4 Qc7 17.Ne1 Nd7 18.f4 e5 19.Nc3 Nd4 20.Qf2 Nf6 21.Nd3 a5 22.Re1 Re8
23.Nd5 Nxd5 24.exd5 Bf8 25.Kh1 g6 26.g4 Rad8 27.Bc3 a4 28.bxa4 Ba6 29.Rac1 Bg7
30.fxe5 dxe5 31.Bd2 Rc8 32.g5 Qd7 33.Qg3 Qxa4 34.Nxe5 Qc2 35.Qf4 Rxe5 36.Rxe5 Bxe5
37.Qxe5 Qxd2  0-1

[Event "Terrassa op"]
[Site "Terrassa"]
[Date "1994.??.??"]
[Round "6"]
[White "Pares Vives, Jose"]
[Black "Garcia Ilundain, David"]
[Result "1/2-1/2"]
[WhiteElo "2380"]
[BlackElo "2455"]

1.d4 Nf6 2.Nf3 e6 3.c4 b6 4.g3 Ba6 5.b3 d5 6.Bg2 Bb4+ 7.Bd2 Bd6 8.Bc3 O-O
9.O-O Bb7 10.Nbd2 Na6 11.cxd5 exd5  1/2-1/2

[Event "Terrassa op"]
[Site "Terrassa"]
[Date "1994.??.??"]
[Round "7"]
[White "Gomez Jurado, Luis Alberto"]
[Black "Garcia Ilundain, David"]
[Result "1/2-1/2"]
[WhiteElo "2295"]
[BlackElo "2455"]

1.d4 Nf6 2.Nf3 e6 3.c4 b6 4.g3 Ba6 5.b3 d5 6.Bg2 Bb4+ 7.Bd2 Bd6 8.cxd5 exd5
9.O-O O-O 10.Nc3 Re8 11.Re1 Nbd7 12.Nh4 Bb7 13.Nf5 Ne4 14.Nxd6  1/2-1/2

[Event "Tilburg blitz"]
[Site "Tilburg"]
[Date "1994.??.??"]
[Round "1"]
[White "Chernin, Alexander"]
[Black "Razuvaev, Yuri S"]
[Result "1-0"]
[WhiteElo "2615"]
[BlackElo "2550"]

1.c4 Nf6 2.Nf3 e6 3.d4 b6 4.g3 Ba6 5.b3 d5 6.Bg2 Bb4+ 7.Bd2 Bxd2+ 8.Qxd2 O-O
9.O-O c6 10.Rc1 Nbd7 11.Qb2 Qe7 12.Nbd2 c5 13.Ne5 Bb7 14.Nxd7 Nxd7 15.cxd5 exd5
16.Nf1 Nf6 17.Rc2 Rfc8 18.Rac1 Rc7 19.Ne3 g6 20.Bf3 h5 21.Ng2 a5 22.Nf4 Kh7
23.h4 Ne4 24.Nd3 Rac8 25.dxc5 bxc5 26.Bxe4 dxe4 27.Nf4 e3 28.f3 Rd8 29.Qc3 a4
30.Ng2 axb3 31.axb3 Re8 32.Rd1 Ba6 33.Ra1 Bc8 34.Rd1 Bf5 35.Ra2 Qe5 36.Qxe5 Rxe5
37.Rc1 Be6 38.Rc3 Rd5 39.Nxe3 Rd4 40.Kf2 Rb4 41.Ra3 Kg7 42.Ng2 Rcb7 43.Rxc5 Rxb3
44.Rxb3 Bxb3 45.Nf4 Ba4 46.Rg5 Kf8 47.Ra5 Bc6 48.Rc5 Bd7 49.Rc2 Kg7 50.Rd2 Ra7
51.Rb2 Rc7 52.Nd5 Ra7 53.Nf4 Rc7 54.Rd2 Ra7 55.Rc2 Rb7 56.Rc5 Ra7 57.Nd5 Be6
58.Rc7 Ra6 59.Nf4 Rb6 60.Ra7 Rc6 61.Ke3 Rb6 62.Kd4 Kf6 63.Kc5 Rb2 64.Ra6 Ke7
65.Kd4 Bd7 66.Ra7 Kd6 67.e4 Rb4+ 68.Kc3 Rb5 69.Kc4 Rb1 70.e5+  1-0

[Event "Tilburg rapid20"]
[Site "Tilburg"]
[Date "1994.??.??"]
[Round "1"]
[White "Chernin, Alexander"]
[Black "Razuvaev, Yuri S"]
[Result "1/2-1/2"]
[WhiteElo "2615"]
[BlackElo "2550"]

1.d4 Nf6 2.c4 e6 3.Nf3 b6 4.g3 Ba6 5.b3 d5 6.Bg2 Bb4+ 7.Bd2 Bxd2+ 8.Qxd2 O-O
9.O-O c6 10.Rc1 Nbd7 11.Qb2 c5 12.cxd5 exd5 13.Nc3 Re8 14.Rd1 Bb7 15.e3 Qe7
16.Rac1 Nf8 17.Nh4 Red8 18.Qa3 Ne6 19.Nf5 Qf8 20.Ne2 g6 21.Nh4 cxd4 22.Qxf8+ Kxf8
23.Nxd4 Nxd4 24.Rxd4 Rac8 25.Rdd1 Ne4 26.Ra1 Ke7 27.Nf3 Rc2 28.Nd4 Rb2 29.Rdb1 Rd2  1/2-1/2

[Event "Tilburg blitz"]
[Site "Tilburg"]
[Date "1994.??.??"]
[Round "2"]
[White "Karpov, Anatoly"]
[Black "Kurajica, Bojan"]
[Result "1-0"]
[WhiteElo "2780"]
[BlackElo "2565"]

1.d4 Nf6 2.c4 e6 3.Nf3 b6 4.g3 Ba6 5.b3 d5 6.cxd5 exd5 7.Bg2 Bb4+ 8.Bd2 Be7
9.Nc3 Bb7 10.O-O O-O 11.Bc1 Na6 12.Bb2 c6 13.Ne5 Bd6 14.Nd3 Re8 15.Rc1 Nc7
16.Re1 Ne6 17.e4 dxe4 18.Nxe4 Nd5 19.Ne5 Bb4 20.Re2 Rc8 21.Rec2 Ne7 22.a3 Bd6
23.b4 Bb8 24.Rd2 Nd5 25.Qb3 Re7 26.f4 f6 27.Nc4 Kh8 28.f5 Nf8 29.a4 Qd7 30.Rf2 Rce8
31.Ncd2 Nc7 32.Qc2 Nd5 33.Qb3 Nc7 34.Qd3 Ba6 35.Qc3 Nd5 36.Qb3 Bb7 37.Ba3 Rc8
38.Nc4 Ree8 39.Qb1 Ba6 40.b5 cxb5 41.axb5 Qxb5 42.Ncd6 Qxb1 43.Rxb1 Nc3 44.Nxc8 Nxb1
45.Ncd6 Bxd6 46.Bxd6 Bd3 47.Rf4 Nd7 48.h4 a5 49.Nf2 Bc4 50.Bc6 Rd8 51.Be7 Rc8
52.Bxd7 Rc7 53.Be6 Bxe6 54.fxe6 Rxe7 55.d5 Nc3 56.Rc4 Ne2+ 57.Kf1 Nxg3+ 58.Kg2  1-0

[Event "Tilburg rapid20"]
[Site "Tilburg"]
[Date "1994.??.??"]
[Round "2"]
[White "Karpov, Anatoly"]
[Black "Kurajica, Bojan"]
[Result "1-0"]
[WhiteElo "2780"]
[BlackElo "2565"]

1.d4 Nf6 2.c4 e6 3.Nf3 b6 4.g3 Ba6 5.b3 d5 6.cxd5 exd5 7.Bg2 Bb4+ 8.Bd2 Be7
9.O-O O-O 10.Nc3 Bb7 11.Rc1 Na6 12.Qc2 Ba3 13.Rcd1 h6 14.Ne5 Re8 15.Qf5 Bf8
16.Rfe1 c5 17.Ng4 Nxg4 18.Qxg4 cxd4 19.Qxd4 Nb4 20.Rc1 Bc5 21.Qg4 Qf6 22.Rf1 Rac8
23.a3 Bd4 24.Nb5 Rxc1 25.Bxc1 Nc2 26.e3 Bc5 27.b4 Bf8 28.Nxa7 Ra8 29.Nb5 Ba6
30.Bxd5 Rd8 31.Qc4 Rc8 32.Qd3 Bxb4 33.a4 Ne1 34.Qb1  1-0

[Event "SVK-ch"]
[Site "Topolcianky"]
[Date "1994.??.??"]
[Round "3"]
[White "Stajcic, Nikola"]
[Black "Debnar, Lubos"]
[Result "0-1"]
[WhiteElo "2360"]
[BlackElo "2270"]

1.d4 Nf6 2.Nf3 e6 3.c4 b6 4.g3 Ba6 5.Qb3 c5 6.d5 exd5 7.cxd5 g6 8.Nc3 Bg7
9.Bg2 O-O 10.O-O d6 11.Re1 Nbd7 12.Bf4 Ne8 13.Bg5 Bf6 14.Bh6 Bg7 15.Bxg7 Kxg7
16.a4 Ne5 17.Nxe5 dxe5 18.e4 Nd6 19.Nd1 Qd7 20.Qc3 Rfe8 21.f4 f6 22.Nf2 Qe7
23.Rac1 Bc8 24.b4 c4 25.b5 Bd7 26.Ra1 a6 27.bxa6 Rxa6 28.a5 b5 29.Ra2 Nb7
30.Rb1 Qc5 31.Kf1 Qc7 32.Rc1 exf4 33.g4 Qe5 34.Qb4 Qd6 35.Qc3 Rea8 36.g5 Re8
37.Bf3 h5 38.h4 Qe5 39.gxf6+ Qxf6 40.Qe1 Qxh4 41.e5 Bh3+ 42.Nxh3 Qxh3+ 43.Bg2 Qd3+
44.Kg1 Qd4+  0-1

[Event "Val Thorens Principal"]
[Site "Val Thorens"]
[Date "1994.??.??"]
[Round "2"]
[White "Emmenecker, P."]
[Black "Olivier, Jean Christophe"]
[Result "0-1"]
[WhiteElo "2130"]
[BlackElo "2310"]

1.d4 Nf6 2.c4 e6 3.Nf3 b6 4.g3 Ba6 5.b3 Bb4+ 6.Bd2 Be7 7.Nc3 d5 8.cxd5 exd5
9.Bg2 O-O 10.O-O Bb7 11.Qc2 Nbd7 12.Rad1 Re8 13.Rfe1 a6 14.Ng5 Nf8 15.h3 Ng6
16.Nf3 Bd6 17.Bg5 Bb4 18.Nd2 Bxc3 19.Qxc3 Rc8 20.b4 h6 21.Bxf6 Qxf6 22.Qb2 Re7
23.Rb1 Rce8 24.Nb3 Qd6 25.a3 Bc6 26.Rbc1 Bb5 27.e3 Bc4 28.Nd2 b5 29.Qc3 c6
30.Nb3 Nf8 31.Nc5 Ra8 32.e4 dxe4 33.Nxe4 Qd8 34.Nc5 Rxe1+ 35.Rxe1 Bd5 36.Bxd5 Qxd5
37.Kh2 Qd8 38.Rd1 a5 39.Nb7 axb4 40.axb4 Qd5 41.Nc5 Ra2 42.Rd2 Ra8 43.Rc2 Rc8
44.Qe3 Nh7 45.Nb3 Ng5 46.Rc5 Qd7 47.h4 Ne6 48.Re5 Qd6 49.Nc5 Nxd4 50.Nb7 Qxe5  0-1

[Event "Balkaniad"]
[Site "Varna"]
[Date "1994.??.??"]
[Round "4"]
[White "Grivas, Efstratios"]
[Black "Delchev, Aleksander"]
[Result "1/2-1/2"]
[WhiteElo "2505"]
[BlackElo "2480"]

1.d4 Nf6 2.c4 e6 3.Nf3 b6 4.g3 Ba6 5.Qb3 Nc6 6.Nbd2 d5 7.Qa4 Bb7 8.Ne5 Bd6
9.Bg2 O-O 10.Nxc6 Qd7 11.O-O Rfe8 12.Qc2 Bxc6 13.Rd1 Rad8 14.b3 e5 15.e4 dxe4
16.d5 Bb7 17.Nxe4 Nxe4 18.Bxe4 g6 19.Bb2 a5 20.Bg2 Bc5 21.Re1 Bd4 22.Rad1 c5
23.dxc6 Bxc6 24.Bxd4  1/2-1/2

[Event "Velden op"]
[Site "Velden"]
[Date "1994.??.??"]
[Round "2"]
[White "Murdzia, Piotr"]
[Black "Muhtarov, Leonid"]
[Result "1-0"]
[WhiteElo "2430"]
[BlackElo "2215"]

1.d4 Nf6 2.Nf3 e6 3.c4 b6 4.g3 Ba6 5.b3 c6 6.Bg2 Bb4+ 7.Bd2 Be7 8.O-O d5
9.Ne5 Nfd7 10.Nxd7 Nxd7 11.Bc3 O-O 12.Nd2 Rc8 13.Re1 Qc7 14.e4 Bf6 15.Rc1 dxe4
16.Nxe4 Be7 17.Qc2 Rfd8 18.Qb2 Bf8 19.Bd2 Nf6 20.Nxf6+ gxf6 21.d5 cxd5 22.cxd5 Qe7
23.dxe6 fxe6 24.Rxc8 Bxc8 25.Bc3 Bg7 26.Qe2 f5 27.Bxg7 Qxg7 28.Rc1 Qd7 29.h4 Qd6
30.Bf3  1-0

[Event "LTU-ch  Vilnius"]
[Site "Vilnius"]
[Date "1994.??.??"]
[Round "2"]
[White "Ruzele, Darius"]
[Black "Slekys, Emilis"]
[Result "1/2-1/2"]
[WhiteElo "2515"]
[BlackElo "2380"]

1.d4 Nf6 2.c4 e6 3.Nf3 b6 4.g3 Ba6 5.b3 Bb4+ 6.Bd2 Be7 7.Bg2 c6 8.Bc3 d5
9.Ne5 Nfd7 10.Nxd7 Nxd7 11.Nd2 O-O 12.O-O f5 13.Rc1 Rc8 14.Bb2 Qe8 15.Rc2 b5
16.c5 b4 17.Nf3 Qh5 18.Qd2 Rb8 19.Ra1 Rb7 20.Ne5 Nxe5 21.dxe5 Rfb8 22.Bd4 Bd8
23.Rb2 h6 24.f3 Qg6 25.Kh1 h5 26.Rg1 Rf7 27.Be3 Rd7 28.Bh3 Qh7 29.Bf1 Be7
30.Rc2 Rdb7 31.Rc1 Bb5 32.Bg5 Bf8 33.h3 a5 34.Kg2 Rd7 35.Qd4 Qg6 36.Bh4 Qh6
37.f4 Be7 38.Bxe7 Rxe7 39.Qd2 Rd7 40.Kf2 Kf7 41.Ra1 Ra7 42.Qd4 Rba8 43.Rd1 Rh8
44.Qd2 g6 45.Qe3 Qf8 46.Bg2 Qe7 47.Bf3 Raa8 48.Qd4 Rh7 49.Rd2 Kf8 50.Rgd1 Kg8
51.Rg1 Kf8 52.Rdd1 Qd8 53.Ke3 Raa7 54.Rg2 Rag7 55.Kf2 Rd7 56.Rdg1 Rdf7 57.Ke3 Rh8
58.g4 hxg4 59.hxg4 g5 60.gxf5 gxf4+ 61.Kd2 Rxf5 62.Bg4 f3 63.Bxf3 Qc7 64.Rg5 Rxg5
65.Rxg5 Qf7 66.Qg4 Rg8 67.Rxg8+ Qxg8 68.Qh4 Qf7 69.Qh6+ Ke7 70.Bg4 Ba6 71.Qg5+ Kd7
72.Qf6 Qe7 73.e3 Qxc5 74.Qxe6+ Kc7 75.Qd7+ Kb6 76.Qd8+ Ka7 77.Qc7+ Ka8 78.Qd8+  1/2-1/2

[Event "Werfen op"]
[Site "Werfen"]
[Date "1994.??.??"]
[Round "?"]
[White "Knoll, Hermann"]
[Black "Habibi, Ali"]
[Result "0-1"]
[WhiteElo "2290"]
[BlackElo "2165"]

1.d4 Nf6 2.Nf3 b6 3.g3 e6 4.c4 Ba6 5.b3 Bb4+ 6.Bd2 Qe7 7.Bg2 O-O 8.O-O Bxd2
9.Nfxd2 c6 10.Nc3 d5 11.Qc2 Rd8 12.Rfd1 Nbd7 13.e4 Rac8 14.Rac1 c5 15.dxc5 d4
16.Na4 bxc5 17.Nb2 e5 18.Nd3 Bb7 19.Rf1 a5 20.a4 Rb8 21.Rce1 h5 22.h3 h4
23.Qd1 g6 24.gxh4 Nh5 25.Qg4 Kg7 26.Bf3 Rh8 27.Qg5 f6 28.Qg4 Nf8 29.Qg2 Ne6
30.Bxh5 Rxh5 31.f4 Rbh8 32.f5 Nf8 33.Nf3 Kh7 34.Qg4 Rg8 35.Kh2 Rh6 36.Rg1 Kh8
37.Re2 Bc8 38.Reg2 Bd7 39.Qg3 Bc6 40.Qe1 Rg7 41.Rg4 Qa7 42.Nd2 Bd7 43.R4g2 Qc7
44.Kh1 Rhh7 45.Nf3 gxf5 46.Rxg7 Rxg7 47.Rxg7 Kxg7 48.Qg3+ Kh7 49.exf5 Bxf5
50.Nf2 Qg7 51.Ng4 Ne6 52.h5 Bxg4 53.hxg4 Qh6 54.Nxe5 Qc1+ 55.Kg2 Nf4+ 56.Kh2 fxe5
57.Qf3 Kh6 58.Qc6+ Kg5 59.h6 Qd2+ 60.Kg1 Qe1+ 61.Kh2 Qh4+ 62.Kg1 Kxg4 63.Qd7+ Kf3
64.Qg7 Ne2+  0-1

[Event "Wrexham"]
[Site "Wrexham"]
[Date "1994.??.??"]
[Round "?"]
[White "Arkell, Keith C"]
[Black "Davies, Nigel R"]
[Result "0-1"]
[WhiteElo "2470"]
[BlackElo "2510"]

1.d4 Nf6 2.c4 e6 3.Nf3 b6 4.g3 Ba6 5.b3 Bb7 6.Bg2 Bb4+ 7.Bd2 Be7 8.Nc3 O-O
9.O-O Na6 10.Bf4 d5 11.cxd5 exd5 12.Ne5 Qc8 13.a3 c6 14.b4 Nc7 15.Rc1 Rd8
16.Rc2 Bd6 17.Nb1 Ne6 18.Bh3 Qc7 19.Bxe6 fxe6 20.Nxc6 Bxc6 21.Qc1 Bxf4 22.gxf4 Rac8
23.b5 Rd6 24.bxc6 Rxc6 25.Rxc6 Qxc6 26.Qe3 Kf7 27.Nd2 Qc3 28.Qxc3 Rxc3 29.Nf3 Ke7
30.Ra1 Nh5 31.e3 Nxf4 32.Ne5 Nd3 33.Nxd3 Rxd3 34.Kg2 Kd6 35.a4 Rc3 36.Kg3 e5
37.dxe5+ Kxe5 38.Kg2 Rc5 39.Rb1 Kd6 40.Kf3 Kc6 41.h4 g6 42.h5 gxh5 43.Rh1 Rc4
44.a5 b5 45.Rxh5 b4 46.Rh6+ Kb5 47.Rxh7 a6 48.Rd7 b3 49.Rxd5+ Ka4 50.Rd1 b2
51.Rb1 Kb3 52.Ke2 Ka2 53.Rd1 Rc1 54.Rd2 Kb3 55.Rxb2+ Kxb2 56.Kd3 Kb3 57.Kd4 Kb4
58.Kd5 Kxa5 59.f4 Kb6  0-1

[Event "Zalakaros op"]
[Site "Zalakaros"]
[Date "1994.??.??"]
[Round "6"]
[White "Kopjonkin, Gennady"]
[Black "Csom, Istvan"]
[Result "1/2-1/2"]
[WhiteElo "2390"]
[BlackElo "2410"]

1.d4 Nf6 2.Nf3 e6 3.c4 b6 4.g3 Ba6 5.b3 Bb7 6.Bg2 Bb4+ 7.Bd2 a5 8.O-O O-O
9.Qc2 h6 10.a3 Be7 11.Nc3 d5 12.cxd5 Nxd5 13.Nxd5 Bxd5 14.e4 Bb7 15.Be3 Na6
16.Rfd1 Qe8 17.Ne5 Rd8 18.h3 f6 19.Nd3 Qf7 20.Qc4 Rd7 21.b4 e5 22.Qxf7+ Kxf7
23.b5 Nb8 24.d5 Bd6 25.h4 Rdd8 26.Bh3 Bc8 27.Bxc8 Rxc8 28.a4 h5 29.Rac1 Nd7
30.f3 Ke7  1/2-1/2

[Event "Zalakaros op"]
[Site "Zalakaros"]
[Date "1994.??.??"]
[Round "7"]
[White "Kopjonkin, Gennady"]
[Black "Farago, Ivan"]
[Result "1/2-1/2"]
[WhiteElo "2390"]
[BlackElo "2515"]

1.d4 Nf6 2.Nf3 e6 3.c4 b6 4.g3 Ba6 5.b3 Bb4+ 6.Bd2 Be7 7.Bg2 c6 8.O-O d5
9.Ne5 Nfd7 10.Nxd7 Nxd7 11.Bc3 O-O 12.Nd2 Rb8 13.Re1 Nf6 14.e4 c5 15.e5 Ne8  1/2-1/2

[Event "Zuerich op"]
[Site "Zuerich"]
[Date "1994.??.??"]
[Round "?"]
[White "Mikavica, Mirko"]
[Black "Tukmakov, Vladimir B"]
[Result "0-1"]
[WhiteElo "2270"]
[BlackElo "2565"]

1.d4 Nf6 2.Nf3 e6 3.c4 b6 4.g3 Ba6 5.Nbd2 Bb7 6.Bg2 Be7 7.O-O O-O 8.Qc2 d5
9.b3 Nbd7 10.Bb2 c5 11.e3 Rc8 12.Rfc1 Rc7 13.Qd1 Qa8 14.Ne5 Rd8 15.Qe2 cxd4
16.exd4 dxc4 17.Bxb7 Qxb7 18.Nxd7 Rcxd7 19.Nxc4 Rc7 20.Ne5 Rdc8 21.Rxc7 Rxc7
22.Rc1 Bd6 23.Rxc7 Qxc7 24.Kg2 Nd5 25.Qb5 Kf8 26.Qd3 g6 27.Qd2 Kg7 28.h4 h5
29.a3 b5 30.Bc1 Ne7 31.Bb2 Qb7+ 32.Kg1 Qd5 33.Qc3 Bxe5 34.dxe5 Qd1+ 35.Kg2 Nd5
36.Qc8 Ne3+ 37.fxe3 Qe2+ 38.Kg1 Qe1+ 39.Kg2 Qe2+ 40.Kg1 Qxb2 41.Qc5 Qxb3
42.Qxa7 Qb1+ 43.Kf2 Qf5+ 44.Ke2 Qxe5 45.Kf2 Qb2+ 46.Kf3 Qa1 47.Qc7 Qd1+ 48.Kf2 Qd2+
49.Kf3 Qd5+ 50.Kf2 Kf6 51.Qb8 Qf5+ 52.Ke2 Qe5 53.Qd8+ Kf5 54.Qe8 f6 55.Kf2 Qd5
56.Qb8 Kg4 57.Qf4+ Kh3 58.Qxf6 Qf5+ 59.Qxf5+ gxf5 60.Kf3 e5 61.e4 fxe4+ 62.Kxe4 Kxg3
63.Kxe5 Kxh4 64.Kf4 Kh3 65.Kf3 h4 66.Kf2 Kg4 67.Kg2 h3+ 68.Kh2 Kh4 69.Kg1 Kg3
70.Kh1 h2  0-1

[Event "Aegina op"]
[Site "Aegina"]
[Date "1995.??.??"]
[Round "3"]
[White "Grivas, Efstratios"]
[Black "Nikolic, Stanimir"]
[Result "1-0"]
[WhiteElo "2495"]
[BlackElo "2355"]

1.d4 Nf6 2.c4 e6 3.Nf3 b6 4.g3 Ba6 5.Qb3 Bb7 6.Bg2 Be7 7.O-O O-O 8.Nc3 d6
9.Rd1 Nbd7 10.Qc2 c6 11.e4 Qc7 12.h3 b5 13.e5 dxe5 14.dxe5 Nxe5 15.Nxe5 Qxe5
16.cxb5 Nd5 17.Nxd5 exd5 18.bxc6 Rac8 19.Bxd5 Bxc6 20.Bxc6 Qe6 21.Qe4 Rxc6
22.Qxe6 Rxe6 23.Be3 a6 24.Rac1 f5 25.h4 h6 26.Rd7 Bf6 27.b3 Be5 28.Rc4 Bxg3
29.Bc5 Bxf2+ 30.Bxf2 Rff6 31.Rc8+ Kh7 32.h5 Rd6 33.Rcc7 Rxd7 34.Rxd7 Kg8
35.Bd4 Rf7 36.Rxf7 Kxf7 37.b4  1-0

[Event "Altensteig"]
[Site "Altensteig"]
[Date "1995.??.??"]
[Round "1"]
[White "Dautov, Rustem"]
[Black "Hracek, Zbynek"]
[Result "1/2-1/2"]
[WhiteElo "2620"]
[BlackElo "2635"]

1.d4 Nf6 2.c4 e6 3.Nf3 b6 4.g3 Ba6 5.b3 Bb4+ 6.Bd2 Be7 7.Bg2 c6 8.Bc3 d5
9.Ne5 Nfd7 10.Nxd7 Nxd7 11.Nd2 Rc8 12.O-O O-O 13.e4 b5 14.Re1 bxc4 15.bxc4 dxc4
16.Qa4 Bb5 17.Qc2 Re8 18.a4 Ba6 19.Rad1 Bf8 20.Qa2 c5 21.d5 exd5 22.exd5 Rxe1+
23.Rxe1 Nb6 24.Ba5 Qd7  1/2-1/2

[Event "ARG-ch"]
[Site "?"]
[Date "1995.??.??"]
[Round "6"]
[White "Sorin, Ariel"]
[Black "Zarnicki, Pablo"]
[Result "1/2-1/2"]
[WhiteElo "2500"]
[BlackElo "2570"]

1.d4 Nf6 2.c4 e6 3.Nf3 b6 4.g3 Ba6 5.Qa4 Bb7 6.Bg2 c5 7.O-O cxd4 8.Nxd4 Bxg2
9.Kxg2 Qc7 10.Nc3 Be7 11.Rd1 O-O 12.Bf4 Qb7+ 13.f3 a6 14.Rd2 Rc8 15.Rad1 Nc6
16.Nxc6 Qxc6 17.e4 b5 18.cxb5 axb5 19.Qxb5 Qxb5 20.Nxb5 Bb4 21.Nc3 Bxc3 22.bxc3 Rxc3
23.Bd6 h6 24.a3 Rac8 25.Be7 d5 26.Bxf6 gxf6 27.exd5 exd5 28.Ra2 R3c4 29.Rd3 d4
30.Kf2 Kf8 31.Ke2 Rc1 32.Rb3 Rh1 33.Kd3 Rf1 34.Ke2 Rh1 35.Kd3 Rf1  1/2-1/2

[Event "ARG-ch"]
[Site "?"]
[Date "1995.??.??"]
[Round "8"]
[White "Servat, Roberto"]
[Black "Zarnicki, Pablo"]
[Result "0-1"]
[WhiteElo "2450"]
[BlackElo "2570"]

1.d4 Nf6 2.c4 e6 3.Nf3 b6 4.g3 Ba6 5.b3 Bb4+ 6.Bd2 Be7 7.Bg2 c6 8.Bc3 d5
9.Nbd2 Nbd7 10.O-O O-O 11.Re1 c5 12.e4 dxc4 13.Nxc4 Bb7 14.Qd3 Rc8 15.Rad1 b5
16.Ba5 Qe8 17.Nce5 cxd4 18.Nxd7 Nxd7 19.Nxd4 a6 20.Nf5 Ne5 21.Nxe7+ Qxe7
22.Qe2 Qc5 23.Qb2 Nc6 24.Bc3 e5 25.Rd5 Qb6 26.b4 f6 27.Red1 Nb8 28.Rc5 Rcd8
29.Rxd8 Rxd8 30.Bd2 Qd6 31.Be1 Qd3 32.Rc3 Qd4 33.Qb3+ Kh8 34.Re3 Nc6 35.h4 Qd7
36.Bc3 Nd4 37.Qd1 f5 38.exf5 Bxg2 39.Kxg2 Nxf5 40.Qe2 Nxe3+ 41.Qxe3 Qd5+
42.Kh2 Kg8 43.a3 Re8 44.Qb6 Rc8 45.Bd2 Qc6 46.Qe3 Rf8 47.Be1 e4 48.Qd4 Qc4
49.Qe5 h6 50.Kg2 Qe2  0-1

[Event "ARG-Cup"]
[Site "?"]
[Date "1995.??.??"]
[Round "5"]
[White "Auciello, Sergio"]
[Black "Panno, Oscar"]
[Result "1/2-1/2"]
[WhiteElo "2370"]
[BlackElo "2510"]

1.d4 Nf6 2.c4 e6 3.Nf3 b6 4.g3 Ba6 5.b3 Bb7 6.Bg2 Bb4+ 7.Bd2 a5 8.a3 Bxd2+
9.Qxd2 O-O 10.Nc3 Ne4 11.Nxe4 Bxe4 12.O-O d6 13.Nh4 Bxg2 14.Nxg2 Nd7  1/2-1/2

[Event "AUT-chT9495"]
[Site "?"]
[Date "1995.??.??"]
[Round "?"]
[White "Hertneck, Gerald"]
[Black "Chernin, Alexander"]
[Result "1/2-1/2"]
[WhiteElo "2595"]
[BlackElo "2600"]

1.d4 Nf6 2.Nf3 e6 3.c4 b6 4.g3 Ba6 5.Nbd2 Bb7 6.Bg2 c5 7.e3 Be7 8.O-O O-O
9.b3 cxd4 10.Nxd4 Bxg2 11.Kxg2 Nc6 12.Nxc6 dxc6 13.Bb2 Qc7 14.Qc2 Rfd8 15.Rad1 Ne8
16.Nf3 Bf6 17.Bxf6  1/2-1/2

[Event "AUT-chT2S 9596"]
[Site "AUT"]
[Date "1995.??.??"]
[Round "?"]
[White "Gigerl, Erich"]
[Black "Reichmann, Egon"]
[Result "1/2-1/2"]
[WhiteElo "2300"]
[BlackElo "2265"]

1.d4 Nf6 2.Nf3 e6 3.c4 b6 4.g3 Ba6 5.b3 Bb4+ 6.Bd2 Be7 7.Bg2 Bb7 8.O-O O-O
9.Qc2 Na6 10.Nc3 c5 11.dxc5 bxc5 12.Rfd1 Qb6 13.Rac1 Rfd8 14.Bf4 d6 15.Qb1  1/2-1/2

[Event "Azov"]
[Site "Azov"]
[Date "1995.??.??"]
[Round "6"]
[White "Neverov, Valeriy"]
[Black "Gurevich, Vladimir"]
[Result "1-0"]
[WhiteElo "2490"]
[BlackElo "2445"]

1.d4 Nf6 2.c4 e6 3.Nf3 b6 4.g3 Ba6 5.b3 Bb4+ 6.Bd2 Be7 7.Bg2 c6 8.Bc3 d5
9.Ne5 Nfd7 10.Nxd7 Nxd7 11.Nd2 O-O 12.O-O Rc8 13.e4 b5 14.Re1 dxe4 15.Bxe4 bxc4
16.bxc4 c5 17.d5 exd5 18.Bxd5 Bf6 19.Ne4 Bxc3 20.Nxc3 Nb6 21.Qd3 Qf6 22.Rad1 Rfd8
23.Re4 Rf8 24.Rde1 Rcd8 25.Rf4 Qg5 26.h4 Nxd5 27.hxg5 Nxf4 28.Qf3 Nd3 29.Re4 Bc8
30.Qe3 f6 31.Nd5 Ne5 32.Qe2 Nc6 33.gxf6 gxf6 34.Ne7+ Nxe7 35.Rxe7 h5 36.Qxh5  1-0

[Event "Balatonbereny"]
[Site "Balatonbereny"]
[Date "1995.??.??"]
[Round "2"]
[White "Pinter, Jozsef"]
[Black "Romanishin, Oleg M"]
[Result "1/2-1/2"]
[WhiteElo "2565"]
[BlackElo "2580"]

1.d4 Nf6 2.c4 e6 3.Nf3 b6 4.g3 Ba6 5.b3 Bb7 6.Bg2 Bb4+ 7.Bd2 a5 8.O-O O-O
9.Nc3 d6 10.Qc2 Nbd7 11.Rfe1 Bxc3 12.Bxc3 Be4 13.Qb2 a4 14.Bf1 Bb7 15.Nd2 Ne4
16.Bg2 Ndf6 17.Nxe4 Nxe4 18.d5 Nxc3 19.Qxc3 e5 20.b4 f5 21.f4 exf4 22.gxf4 Qh4
23.Rf1 Rae8 24.e3 Rf6 25.Rf3 Rg6 26.b5 Qg4 27.Rf2 Bc8 28.Kh1 Bd7 29.a3 Re7
30.Raf1 Rh6 31.Rf3 Be8 32.Qe1 Bh5 33.h3 Qg6 34.Rg3 Qe8 35.Qd2 Rg6 36.Rxg6 Qxg6
37.Kh2 Qf6 38.Rc1 h6 39.Qc3 Qh4 40.Qe1 Qf6 41.Qc3 Qxc3 42.Rxc3 g5 43.Kg3 Kg7
44.h4 Kf6 45.hxg5+ hxg5 46.fxg5+ Kxg5 47.Kf2 Bd1 48.Rd3 Bc2 49.Rd4 Be4 50.Bxe4 fxe4
51.Ke2 Kf5 52.Rd1 Rh7 53.Rf1+ Ke5 54.Rf8  1/2-1/2

[Event "Balatonbereny"]
[Site "Balatonbereny"]
[Date "1995.??.??"]
[Round "8"]
[White "Kallai, Gabor"]
[Black "Romanishin, Oleg M"]
[Result "1/2-1/2"]
[WhiteElo "2490"]
[BlackElo "2580"]

1.d4 Nf6 2.c4 e6 3.Nf3 b6 4.g3 Ba6 5.b3 Bb7 6.Bg2 Bb4+ 7.Bd2 a5 8.O-O O-O
9.a3 Bxd2 10.Qxd2 d6 11.Nc3 Ne4 12.Nxe4 Bxe4 13.Qe3 Bb7 14.Qd3 Nd7 15.Ng5 Qxg5
16.Bxb7 Rad8 17.Bc6 d5 18.cxd5 Nb8 19.Rfc1 exd5 20.b4 axb4 21.axb4 Rd6 22.Bb7 c6
23.b5 cxb5 24.Qxb5 Qf5 25.Ra8 g6 26.Qb1 Qd7 27.Ba6 Rc6 28.Rxc6 Qxc6 29.Ra7 Nxa6
30.Rxa6 Qc4  1/2-1/2

[Event "Barbera del Valles op"]
[Site "Barbera del Valles"]
[Date "1995.??.??"]
[Round "4"]
[White "Vidarte Morales, Arturo"]
[Black "Gomez Esteban, Juan Mario"]
[Result "1/2-1/2"]
[WhiteElo "2355"]
[BlackElo "2425"]

1.d4 Nf6 2.c4 e6 3.Nf3 b6 4.g3 Ba6 5.Qc2 c5 6.dxc5 Bxc5 7.Bg2 Nc6 8.O-O Rc8
9.Qa4 Bb7 10.Nc3 O-O 11.Ne5 Qc7 12.Nd3 a6 13.Nxc5 bxc5 14.Bf4 d6 15.Rfd1 Rfd8
16.Rd2 h6 17.Qd1 e5 18.Be3 Nd4 19.Rc1 Bxg2 20.Kxg2 Nf5 21.Kg1 Qb7 22.b3 Re8
23.Qf1 Qb4 24.Qd1 Re6 25.Nd5 Nxd5 26.Rxd5 Nd4 27.Bd2 Qb7 28.e3 Nf5 29.Bc3 Rc6
30.Qc2 Rf6 31.Rcd1 Qe7 32.Qe4 Qe6 33.R5d2 Rc8 34.Qd5 Qxd5 35.Rxd5 Rc6 36.Ba5 Ne7
37.R5d2 Re6 38.Kf1 f5 39.Ke2 Kf7 40.Bc3 Nc8 41.Ba5 Re7 42.h3 Ke6 43.Rg1 Rf7
44.f4 Ne7 45.fxe5 Kxe5 46.Rgd1 Ke6 47.Bc3 Ng6 48.Rd5 Rd7 49.Kf3 Rc8 50.h4 Rf8
51.h5 Nh8 52.b4 cxb4 53.Bxb4 Nf7 54.Kf4 Rc8 55.c5 Rb7 56.a3 a5 57.Bxa5 Rxc5
58.Rxc5 dxc5 59.Bc3 Ng5 60.a4 Rb3 61.Rc1 Ra3 62.e4 Rxa4 63.Re1 Nh3+ 64.Kf3 Ng5+
65.Kf4 Rxe4+ 66.Rxe4+ Nxe4 67.Bxg7 Nf6 68.Bxh6 Nxh5+ 69.Kf3 Nf6 70.Be3 c4
71.Bd4 Kf7 72.Be5 Kg6 73.Bb2 Nd5 74.Bd4 Kg5 75.Be5 c3 76.Ke2 Kg4 77.Kd3 Kf3
78.Bb8 Kf2 79.Be5 Ke1 80.Kc2  1/2-1/2

[Event "Oberliga Bayern9495"]
[Site "Bayern"]
[Date "1995.??.??"]
[Round "1"]
[White "Mandl, Robert"]
[Black "Farago, Ivan"]
[Result "1/2-1/2"]
[WhiteElo "2430"]
[BlackElo "2510"]

1.d4 e6 2.Nf3 Nf6 3.c4 b6 4.g3 Ba6 5.b3 Bb4+ 6.Bd2 Be7 7.Bg2 d5 8.Ne5 c6
9.O-O Nfd7 10.Nxd7 Nxd7 11.Bc3 O-O 12.Nd2 Rb8 13.a4 Nf6 14.e4 c5 15.Ra2 cxd4
16.Bxd4 dxc4 17.Nxc4 Rc8 18.Rd2 Bxc4 19.bxc4 Qc7 20.Rc2 e5 21.Be3 Rcd8 22.Qe2 Bc5
23.Bxc5 Qxc5 24.Rb1 Qa5 25.Ra2 Rd6 26.Bf3 Nd7 27.Rb5 Qc3 28.Rd5 Rxd5 29.cxd5 Qc7
30.Rc2 Nc5 31.Qb5 g6 32.a5 Rd8 33.axb6 axb6 34.Rb2 Rb8 35.Ra2 Kg7 36.h4 Rd8
37.Bg2 Kf8 38.Kh2 Ke7 39.Rb2 Rd6 40.Ra2 Rd8 41.Rb2  1/2-1/2

[Event "Oberliga Bayern9495"]
[Site "Bayern"]
[Date "1995.??.??"]
[Round "1"]
[White "De Francesco, Klaus"]
[Black "Kostic, Vladimir"]
[Result "1/2-1/2"]
[WhiteElo "2235"]
[BlackElo "2405"]

1.d4 Nf6 2.c4 e6 3.Nf3 b6 4.g3 Ba6 5.Qc2 Bb7 6.Bg2 c5 7.O-O cxd4 8.Nxd4 Bxg2
9.Kxg2 Qc8 10.Bf4 Nc6 11.Nb5 e5 12.Bg5 a6 13.Bxf6 axb5 14.cxb5 Nd4 15.Qxc8+ Rxc8
16.Bxe5 Nc2 17.Nc3 Nxa1 18.Rxa1 f6 19.Bd4 Bc5 20.Rd1 Kd8  1/2-1/2

[Event "Oberliga Bayern9495"]
[Site "Bayern"]
[Date "1995.??.??"]
[Round "2"]
[White "Kraeussling, Andreas"]
[Black "Farago, Ivan"]
[Result "0-1"]
[WhiteElo "2305"]
[BlackElo "2510"]

1.d4 Nf6 2.c4 e6 3.Nf3 b6 4.g3 Ba6 5.b3 Bb4+ 6.Bd2 Be7 7.Bg2 d5 8.Nc3 c6
9.O-O O-O 10.cxd5 cxd5 11.a3 Nc6 12.b4 Bc4 13.b5 Na5 14.Ne5 Rc8 15.Nxc4 Nxc4
16.Nb1 Qd7 17.a4 Rc7 18.Bc3 Rfc8 19.Ra2 Ne4 20.Be1 f5 21.Qd3 Bg5 22.f3 Ne3
23.fxe4 dxe4 24.Qd2 Rc2 25.Rxc2 Rxc2 26.Qb4 Rxe2 27.Bxe4 Be7 28.Bc6 Bxb4
29.Bxd7 Bxe1 30.Bxe6+ Kf8 31.Rf3 Bf2+ 32.Rxf2 Re1+  0-1